EU Surrounded Countries Quiz Stats

Quiz Updated Jul 12, 2017

Also try: Original EU
Challenge
Share
Tweet
Embed
Score 0/9 Timer 02:00
7 Plays Today
% Correct
Belgium
71.7%
Netherlands
68.4%
United Kingdom
66.9%
Ireland
66.5%
Luxembourg
66%
Portugal
64.8%
Denmark
64.8%
Czechia
44.1%
Slovenia
27.1%

You're not logged in!

Compare scores with friends on all Sporcle quizzes.
Sign Up with Email
OR
Log In

You Might Also Like...

Show Comments

Extras

Top Quizzes Today


Score Distribution

Your Account Isn't Verified!

In order to create a playlist on Sporcle, you need to verify the email address you used during registration. Go to your Sporcle Settings to finish the process.